Từ điển hành chính

Сохранить в:
Библиографические подробности
Главный автор: Tô Tử Hạ
Формат:
Язык:Undetermined
Опубликовано: H. LĐXH 2003
Предметы:
Метки: Добавить метку
Нет меток, Требуется 1-ая метка записи!
Thư viện lưu trữ: Trung tâm Học liệu Trường Đại học Cần Thơ
LEADER 00496nam a2200193Ia 4500
001 CTU_56724
008 210402s9999 xx 000 0 und d
020 |b 45000 
082 |a 351.59703 
082 |b H100 
100 |a Tô Tử Hạ 
245 0 |a Từ điển hành chính 
245 0 |c Tô Tử Hạ 
260 |a H. 
260 |b LĐXH 
260 |c 2003 
650 |a public administration 
650 |x dictionaries 
980 |a Trung tâm Học liệu Trường Đại học Cần Thơ